<?xml version="1.0" encoding="UTF-8"?>
<collection xmlns="http://www.loc.gov/MARC21/slim">
 <record>
  <leader>00356pamaa2200133   4500</leader>
  <controlfield tag="001">0000015344</controlfield>
  <controlfield tag="005">20060926090000.0</controlfield>
  <datafield tag="020" ind1="0" ind2="0">
   <subfield code="a">0131257668 </subfield>
  </datafield>
  <datafield tag="090" ind1="0" ind2="0">
   <subfield code="a">PN4121 </subfield>
   <subfield code="b">STE 1995</subfield>
  </datafield>
  <datafield tag="100" ind1="1" ind2="0">
   <subfield code="a">STETTNER </subfield>
  </datafield>
  <datafield tag="245" ind1="1" ind2="4">
   <subfield code="a">The art of winning conversation  </subfield>
   <subfield code="c">Morey Stettner.</subfield>
  </datafield>
  <datafield tag="260" ind1="0" ind2="0">
   <subfield code="a">New Jersey: </subfield>
   <subfield code="b">Prentice Hall, </subfield>
   <subfield code="c">1995.</subfield>
  </datafield>
  <datafield tag="300" ind1=" " ind2=" ">
   <subfield code="a">xxi, 298p.; </subfield>
   <subfield code="c">23 cm.</subfield>
  </datafield>
  <datafield tag="650" ind1="0" ind2="0">
   <subfield code="a">Public speaking </subfield>
  </datafield>
 </record>
</collection>
